000
00253nam a22001097a 4500
082
_a
NOT DEFINED IRF'C
100
_a
IRFAN-UL-HAQ
_9
14253
245
_a
A COMPENDIUM OF PAKISTAN ECONOMY
260
_a
PAKISTAN
_b
ROYAL
_c
1987
300
_a
461
942
_c
BK
999
_c
573744
_d
573744